The ayatollahs' democracy : (Record no. 14200)
[ view plain ]
| 000 -LEADER | |
|---|---|
| fixed length control field | 01827nam a2200193 a 4500 |
| 001 - CONTROL NUMBER | |
| control field | ASIN1846143195 |
| 005 - DATE AND TIME OF LATEST TRANSACTION | |
| control field | 20170105102849.0 |
| 008 - FIXED-LENGTH DATA ELEMENTS--GENERAL INFORMATION | |
| fixed length control field | 130820s2011 xxu eng d |
| 020 ## - INTERNATIONAL STANDARD BOOK NUMBER | |
| International Standard Book Number | 1846143195 (hardcover) |
| Terms of availability | $44.25 |
| 020 ## - INTERNATIONAL STANDARD BOOK NUMBER | |
| International Standard Book Number | 9781846143199 (hardcover) |
| 040 ## - CATALOGING SOURCE | |
| Original cataloging agency | 0 |
| 100 1# - MAIN ENTRY--PERSONAL NAME | |
| Personal name | Majd, Hooman. |
| 245 14 - TITLE STATEMENT | |
| Title | The ayatollahs' democracy : |
| Remainder of title | an iranian challenge / |
| Statement of responsibility, etc. | Hooman Majd. |
| 260 ## - PUBLICATION, DISTRIBUTION, ETC. | |
| Place of publication, distribution, etc. | [S.l.] : |
| Name of publisher, distributor, etc. | Allen Lane, |
| Date of publication, distribution, etc. | 2011. |
| 300 ## - PHYSICAL DESCRIPTION | |
| Extent | 288 p. ; |
| Dimensions | 24 cm. |
| 520 ## - SUMMARY, ETC. | |
| Summary, etc. | "There are several peculiar features about writing any detailed account of the recent political events in Persia which make necessary some slight explanation. The first point is that Persian political affairs, fraught as they are with misfortune and misery for millions of innocent people, are conducted very much as a well-staged drama - I have heard some critics say, as an opera bouffe". (William Morgan Shuster, "The Strangling of Persia", 1912). So Hooman Majd introduces his story of Iran, with its volatile politics, jostling leaders, global ambitions, and enormous implications for world peace. What does it mean for the world if "Green" represents not a revolution but a civil rights movement, pushing the country toward a particular brand of "Islamic democracy"? And how will Iran's diversity of political positions, so often sidelined in news reporting, ultimately resolve itself? With witty, candid, and stylishly-intelligent reporting, Hooman Majd introduces top-level politicians and clerics alongside regular Iranians, including Jewish community leaders. A personal, candid tour of the political and social landscape in Iran, "The Ayatollahs' Democracy" is a powerful dispatch from a country at a historic turning point. |
| 856 40 - ELECTRONIC LOCATION AND ACCESS | |
| Materials specified | Amazon.com |
| Uniform Resource Identifier | <a href="http://www.amazon.com/exec/obidos/ASIN/1846143195/chopaconline-20">http://www.amazon.com/exec/obidos/ASIN/1846143195/chopaconline-20</a> |
| 942 ## - ADDED ENTRY ELEMENTS (KOHA) | |
| Source of classification or shelving scheme | |
| Koha item type | Book |
| Withdrawn status | Lost status | Damaged status | Not for loan | Collection code | Permanent Location | Current Location | Shelving location | Date acquired | Total Checkouts | Full call number | Barcode | Date last seen | Price effective from | Koha item type |
|---|---|---|---|---|---|---|---|---|---|---|---|---|---|---|
| Centre for International Peace & Stability (CIPS) | Centre for International Peace & Stability (CIPS) | General Stacks | 08/20/2013 | 955.06 MAJ 2010 | CIPS0000734 | 08/20/2013 | 08/20/2013 | Book |
